Dictionary of visual science and related clinical terms

שמור ב:
מידע ביבליוגרפי
פורמט: ספר
שפה:Undetermined
יצא לאור: Boston, MA. Butterworth/Heinemann 2000
נושאים:
תגים: הוספת תג
אין תגיות, היה/י הראשונ/ה לתייג את הרשומה!
Thư viện lưu trữ: Trung tâm Học liệu Trường Đại học Cần Thơ
LEADER 00588nam a2200193Ia 4500
001 CTU_213091
008 210402s9999 xx 000 0 und d
082 |a 617.7003 
082 |b D554 
245 0 |a Dictionary of visual science and related clinical terms 
245 0 |c Edited by Henry W Hofstetter ... [et al.] 
260 |a Boston, MA. 
260 |b Butterworth/Heinemann 
260 |c 2000 
650 |a Ophthalmology,Vission 
650 |x Dictionary,English,English,Dictionary 
904 |i Tuy?n 
910 |a AV.005000 
980 |a Trung tâm Học liệu Trường Đại học Cần Thơ